School-centered interventions (Record no. 3455)

000 -LEADER
fixed length control field 00433nam a22001337a 4500
020 ## - INTERNATIONAL STANDARD BOOK NUMBER
International Standard Book Number 9781433820854
082 ## - DEWEY DECIMAL CLASSIFICATION NUMBER
Classification number 371.713
100 ## - MAIN ENTRY--PERSONAL NAME
Personal name Dennis J. Simon
245 ## - TITLE STATEMENT
Title School-centered interventions
260 ## - PUBLICATION, DISTRIBUTION, ETC.
Place of publication, distribution, etc. Washington
Name of publisher, distributor, etc. APA
Date of publication, distribution, etc. 2016
300 ## - PHYSICAL DESCRIPTION
Extent 317p
942 ## - ADDED ENTRY ELEMENTS (KOHA)
Koha item type Book
Holdings
Withdrawn status Lost status Damaged status Not for loan Collection code Permanent Location Current Location Shelving location Date acquired Total Checkouts Full call number Barcode Date last seen Date last checked out Price effective from Koha item type
          Central Library (CL) Central Library (CL) General Stacks 06/24/2016 1 371.713 SIM S3H-S-786 10/05/2023 10/19/2017 06/24/2016 Book
© 2023 Central Library, National University of Sciences and Technology. All Rights Reserved.